000 01161cam a2200241 4500
001 ABS61358
008 000000n1999 000 0 eng u
035 _a(Sirsi) u101065
245 _aEarle and Earle v East Riding of Yorkshire Council
260 _c1999
490 _aRating & Valuation Reporter
_v[1999] 39(9) RVR 200-223(24)
520 _aLT 17 March 1999. Grange Farm, Mappleton, East Yorkshire. Compensation claim sought under the Coast Protection Act 1949 s19(1) for alleged loss or damage as a result of coastal protection works. Held, that no compensation was due because the claimants had failed to discharge the burden of proof on them to show that the Mappleton works were the cause of increased erosion at Grange Farm between 1991 and 1998.
590 _aABS
650 _aCOMPENSATION
650 _aCOASTAL PROTECTION
650 _aEROSION
650 _aEXPERT EVIDENCE
650 _aCOAST PROTECTION ACT 1949 S19
650 _aCAUSATION
650 _aEARLE AND EARLE V EAST RIDING OF YORKSHIRE COUNCIL
690 _aENVIRONMENTAL AND LAND CONSULTANCY-PLANNING AND DEVELOPMENT-COMPULSORY PURCHASE AND COMPENSATION
942 _n0
999 _c60299
_d60299